| Tag |
First Indicator |
Second Indicator |
Subfields |
| LEADER |
00000cam a2200000 i 4500 |
| 001 |
in00005753213 |
| 005 |
20260326195532.8 |
| 006 |
m o d |
| 007 |
cr |n||||||||| |
| 008 |
131111s2014 enka ob 001 0 eng d |
| 040 |
|
|
|a EBLCP
|b eng
|e rda
|e pn
|c EBLCP
|d OCLCQ
|d OPELS
|d CUX
|d N$T
|d YDXCP
|d COO
|d GGVRL
|d OCLCF
|d OCLCQ
|d NLGGC
|d NKT
|d DEBSZ
|d E7B
|d CASUM
|d MERER
|d OCLCQ
|d U3W
|d D6H
|d CEF
|d CHVBK
|d AU@
|d OCLCO
|d WYU
|d OCLCO
|d OCLCQ
|d UAB
|d OCLCO
|d OCLCQ
|d ERF
|d OCLCQ
|d OCLCA
|d OCLCQ
|d OCLCA
|d UX1
|d OCLCO
|d NTE
|d OCLCQ
|d OCL
|d OCLCO
|d OCLCL
|d OCLCQ
|d OCLCL
|
| 016 |
7 |
|
|a 016488495
|2 Uk
|
| 019 |
|
|
|a 868976811
|a 1065678394
|a 1235117985
|
| 020 |
|
|
|a 9780123978219
|q (electronic bk.)
|
| 020 |
|
|
|a 0123978211
|q (electronic bk.)
|
| 020 |
|
|
|a 0123944317
|
| 020 |
|
|
|a 9780123944313
|
| 020 |
|
|
|z 9780123944313
|q (print)
|
| 024 |
3 |
|
|a 9780123944313
|
| 035 |
|
|
|a (OCoLC)862614099
|z (OCoLC)868976811
|z (OCoLC)1065678394
|z (OCoLC)1235117985
|
| 050 |
|
4 |
|a QP551
|
| 060 |
|
4 |
|a QU 55.9
|
| 072 |
|
7 |
|a SCI
|x 007000
|2 bisacsh
|
| 082 |
0 |
4 |
|a 572/.6
|2 23
|
| 049 |
|
|
|a TXAM
|
| 245 |
0 |
0 |
|a Bio-Nanoimaging :
|b Protein Misfolding & Aggregation /
|c edited by Vladimir Uversky, Yuri Lyubchenko.
|
| 264 |
|
1 |
|a London :
|b Academic Press/Elsevier,
|c [2014]
|
| 300 |
|
|
|a 1 online resource (xix, 526 pages) :
|b illustrations
|
| 336 |
|
|
|a text
|b txt
|2 rdacontent
|
| 337 |
|
|
|a computer
|b c
|2 rdamedia
|
| 338 |
|
|
|a online resource
|b cr
|2 rdacarrier
|
| 500 |
|
|
|a Title from PDF title page (viewed December 17, 2013).
|
| 520 |
|
|
|a Bio-Nanoimaging: Protein Misfolding & Aggregation provides a unique introduction to both novel and established nanoimaging techniques for visualization and characterization of misfolded and aggregated protein species. The book is divided into three sections covering: - Nanotechnology and nanoimaging technology, including cryoelectron microscopy of beta(2)-microglobulin, studying amyloidogensis by FRET; and scanning tunneling microscopy of protein deposits - Polymorphisms of protein misfolded and aggregated species, including fibrillar polymorphism, amyloid-like protofibrils, and insulin olig.
|
| 505 |
0 |
|
|a Nanoimaging and nanotechnology of aggregating proteins: A -- Nanoimaging and nanotechnology of aggregating proteins: B -- Polymorphism of protein misfolding and aggregated species -- Polymorphism of protein misfolding and aggregarion processes.
|
| 504 |
|
|
|a Includes bibliographical references and indexes.
|
| 504 |
|
|
|a Includes bibliographical references and index.
|
| 650 |
|
0 |
|a Protein folding
|x Computer simulation.
|
| 650 |
|
0 |
|a Imaging systems.
|
| 650 |
|
0 |
|a Nanotechnology.
|
| 650 |
|
0 |
|a Amyloid.
|
| 650 |
|
0 |
|a Cell aggregation.
|
| 650 |
|
0 |
|a Proteins.
|
| 650 |
1 |
2 |
|a Protein Folding
|
| 650 |
2 |
2 |
|a Amyloid
|
| 650 |
2 |
2 |
|a Cell Aggregation
|
| 650 |
2 |
2 |
|a Molecular Diagnostic Techniques
|
| 650 |
2 |
2 |
|a Nanotechnology
|
| 650 |
2 |
2 |
|a Proteins
|
| 650 |
2 |
2 |
|a Proteostasis Deficiencies
|
| 650 |
|
6 |
|a Imagerie (Technique)
|
| 650 |
|
6 |
|a Amyloïde.
|
| 650 |
|
6 |
|a Cellules
|x Agrégation.
|
| 650 |
|
6 |
|a Nanotechnologie.
|
| 650 |
|
6 |
|a Protéines.
|
| 650 |
|
7 |
|a protein.
|2 aat
|
| 650 |
|
7 |
|a SCIENCE
|x Life Sciences
|x Biochemistry.
|2 bisacsh
|
| 650 |
|
7 |
|a Proteins
|2 fast
|
| 650 |
|
7 |
|a Cell aggregation
|2 fast
|
| 650 |
|
7 |
|a Amyloid
|2 fast
|
| 650 |
|
7 |
|a Imaging systems
|2 fast
|
| 650 |
|
7 |
|a Nanotechnology
|2 fast
|
| 650 |
|
7 |
|a Protein folding
|x Computer simulation
|2 fast
|
| 655 |
|
7 |
|a Electronic books.
|2 local
|
| 655 |
|
4 |
|a Internet Resources.
|
| 700 |
1 |
|
|a Uversky, Vladimir N.,
|e editor.
|
| 700 |
1 |
|
|a Lyubchenko, Yuri,
|e editor.
|
| 710 |
2 |
|
|a ScienceDirect (Online service)
|
| 758 |
|
|
|i has work:
|a Bio-nanoimaging (Text)
|1 https://id.oclc.org/worldcat/entity/E39PCGPbMpkFhM4WbwxCTXv6qP
|4 https://id.oclc.org/worldcat/ontology/hasWork
|
| 776 |
0 |
8 |
|i Print version:
|a Uversky, Vladimir.
|t Bio-nanoimaging : Protein Misfolding & Aggregation.
|d Burlington : Elsevier Science, ©2014
|z 9780123944313
|
| 856 |
4 |
0 |
|u http://proxy.library.tamu.edu/login?url=https://www.sciencedirect.com/science/book/9780123944313
|z Connect to the full text of this electronic book
|t 0
|
| 955 |
|
|
|a Elsevier ScienceDirect 2026-2027
|
| 994 |
|
|
|a 92
|b TXA
|
| 999 |
f |
f |
|i 21b6a686-c4b0-4606-91f7-22a3a63385ff
|s e06176d3-97b6-4ba8-aaab-590340b69ecc
|t 0
|
| 952 |
f |
f |
|a Texas A&M University
|b College Station
|c Electronic Resources
|s www_evans
|d Available Online
|t 0
|e QP551
|h Library of Congress classification
|
| 998 |
f |
f |
|a QP551
|t 0
|l Available Online
|